Normal view
MARC view
Entry Personal Name
001 - CONTROL NUMBER
- control field: 245280
003 - CONTROL NUMBER IDENTIFIER
- control field: OSt
005 - DATE AND TIME OF LATEST TRANSACTION
- control field: 20220925173913.0
008 - FIXED-LENGTH DATA ELEMENTS
- fixed length control field: 220925|| aca||aabn | a|a d
040 ## - CATALOGING SOURCE
- Original cataloging agency: OSt
- Transcribing agency: OSt
100 ## - HEADING--PERSONAL NAME
- Personal name: Pezzey John C. V. Ed
670 ## - SOURCE DATA FOUND
- Source citation: Work cat.: (OSt)489336: Pezzey John C. V. Ed., Economics of sustainability, 2002
